[Event "FRA-chT2 West 0708"]
[Site "France"]
[Date "2007.11.25"]
[Round "3.1"]
[White "Monroy, Charles"]
[Black "Toma, Michal"]
[Result "1-0"]
[WhiteElo "2368"]
[BlackElo "2216"]
[PlyCount "105"]
[EventDate "2007.10.21"]
[EventType "team"]
[EventRounds "11"]
[EventCountry "FRA"]
[SourceTitle "EXT 2009"]
[Source "ChessBase"]
[SourceDate "2008.11.26"]
[SourceVersion "1"]
[SourceVersionDate "2008.11.26"]
[SourceQuality "1"]
[WhiteTeam "Rennes Paul Bert"]
[BlackTeam "Bois Colombes II"]
[WhiteTeamCountry "FRA"]
[BlackTeamCountry "FRA"]

1. Nf3 d5 2. d4 Nf6 3. c4 c6 4. Qc2 g6 5. Bf4 Bf5 6. Qc1 h6 7. g3 Nbd7 8. Bg2 Bg7 9. 0-0 g5 10. Bd2 Ne4 11. Be3 e6 12. Nc3 Qa5 13. Nd2 Nxd2 14. Bxd2 dxc4 15. Ne4 Qc7 16. Qxc4 0-0-0 17. e3 Nb6 18. Qe2 e5 19. dxe5 Bxe5 20. Bc3 Bxc3 21. bxc3 Rhe8 22. f3 Qe5 23. Rac1 Be6 24. c4 f5 25. c5 fxe4 26. cxb6 axb6 27. fxe4 b5 28. Qe1 Bc4 29. Rf5 Qb2 30. Rf2 Qa3 31. Rf6 Rd3 32. Rxh6 Rxe3 33. Qd2 Re2 34. Qxg5 Qa7+ 35. Kh1 Qf2 36. Rg1 Rf8 37. Qe5 Qxg1+ 38. Kxg1 Re1+ 39. Bf1 Bxf1 40. Qe6+ Kb8 41. Qd6+ Ka7 42. Qxf8 Bh3+ 43. Kf2 Rf1+ 44. Ke3 Rxf8 45. Rxh3 Kb6 46. g4 Ra8 47. Kf4 Rxa2 48. g5 Rg2 49. Rg3 Rxg3 50. hxg3 b4 51. Ke3 Kc7 52. g6 b3 53. Kd2 1-0

[Event "FRA-chT2A 0506"]
[Site "France"]
[Date "2006.04.01"]
[Round "10.2"]
[White "Toma, Michal"]
[Black "Sorin, Maxime"]
[Result "1/2-1/2"]
[WhiteElo "2200"]
[BlackElo "2307"]
[PlyCount "107"]
[EventDate "2005.10.27"]
[EventType "team-tourn"]
[EventRounds "11"]
[EventCountry "FRA"]
[SourceTitle "EXT 2006"]
[Source "ChessBase"]
[SourceDate "2005.11.24"]
[SourceVersion "1"]
[SourceVersionDate "2005.11.24"]
[SourceQuality "1"]
[WhiteTeam "Bois Colombes II"]
[BlackTeam "Sautron"]
[WhiteTeamCountry "FRA"]
[BlackTeamCountry "FRA"]

1. e4 c5 2. Nc3 Nc6 3. g3 g6 4. Bg2 Bg7 5. d3 d6 6. f4 e6 7. Nf3 Nge7 8. 0-0 Nd4 9. Be3 Nec6 10. e5 dxe5 11. fxe5 Nxe5 12. Nxe5 Bxe5 13. Ne4 Nf5 14. Bxc5 Bd4+ 15. Bxd4 Qxd4+ 16. Kh1 Ne3 17. Nf6+ Qxf6 18. Rxf6 Nxd1 19. Rxd1 Bd7 20. Rf4 Rc8 21. c3 Bc6 22. Re1 0-0 23. Rb4 b6 24. a4 Kg7 25. Re5 Rfd8 26. d4 Bxg2+ 27. Kxg2 Rd5 28. Rxd5 exd5 29. Rb5 Rd8 30. a5 Rd6 31. axb6 axb6 32. Kf3 h5 33. Ke3 Kf6 34. b3 Rc6 35. Kd3 Ke6 36. c4 dxc4+ 37. bxc4 Kd7 38. d5 Rf6 39. Kd4 Kc7 40. Rb2 Rf1 41. Ra2 Kd6 42. Ra8 Rd1+ 43. Ke4 Re1+ 44. Kf4 Rf1+ 45. Kg5 Rf2 46. h3 Rf3 47. Kh4 b5 48. Ra6+ Ke5 49. cxb5 Kxd5 50. Rc6 f6 51. g4 g5+ 52. Kxh5 Rxh3+ 53. Kg6 Rg3 54. Kxf6 1/2-1/2

[Event "FRA-chT2A 0506"]
[Site "France"]
[Date "2006.02.05"]
[Round "7.1"]
[White "Demarre, Jacques"]
[Black "Toma, Michal"]
[Result "0-1"]
[WhiteElo "2224"]
[BlackElo "2200"]
[PlyCount "64"]
[EventDate "2005.10.27"]
[EventType "team-tourn"]
[EventRounds "11"]
[EventCountry "FRA"]
[SourceTitle "EXT 2006"]
[Source "ChessBase"]
[SourceDate "2005.11.24"]
[SourceVersion "1"]
[SourceVersionDate "2005.11.24"]
[SourceQuality "1"]
[WhiteTeam "Issy les Moulineaux"]
[BlackTeam "Bois Colombes II"]
[WhiteTeamCountry "FRA"]
[BlackTeamCountry "FRA"]

1. e4 e5 2. Nf3 Nc6 3. Bb5 a6 4. Ba4 Nf6 5. 0-0 Be7 6. Bxc6 dxc6 7. Qe1 Nd7 8. d4 exd4 9. Nxd4 0-0 10. Nc3 Ne5 11. Nde2 Bc5 12. Nf4 Qh4 13. Nd3 Nxd3 14. cxd3 f5 15. Be3 f4 16. Bxc5 f3 17. Ne2 fxg2 18. f4 gxf1Q+ 19. Qxf1 Rd8 20. Ng3 Bh3 21. Qf3 Qg4 22. Rf1 b6 23. Bb4 Qd7 24. Rf2 Qxd3 25. Qxd3 Rxd3 26. Rc2 c5 27. Bc3 Rf3 28. Be5 Rd8 29. Rc1 Rd2 30. f5 Rff2 31. Nh5 Rg2+ 32. Kh1 Bg4 0-1

[Event "FRA-chT2A 0506"]
[Site "France"]
[Date "2006.01.14"]
[Round "5.1"]
[White "Monroy, Charles"]
[Black "Toma, Michal"]
[Result "1/2-1/2"]
[WhiteElo "2356"]
[BlackElo "2200"]
[PlyCount "69"]
[EventDate "2005.10.27"]
[EventType "team-tourn"]
[EventRounds "11"]
[EventCountry "FRA"]
[SourceTitle "EXT 2006"]
[Source "ChessBase"]
[SourceDate "2005.11.24"]
[SourceVersion "1"]
[SourceVersionDate "2005.11.24"]
[SourceQuality "1"]
[WhiteTeam "Rennes Paul Bert"]
[BlackTeam "Bois Colombes II"]
[WhiteTeamCountry "FRA"]
[BlackTeamCountry "FRA"]

1. e4 e5 2. Nf3 Nc6 3. Bb5 a6 4. Bxc6 dxc6 5. 0-0 f6 6. d4 exd4 7. Nxd4 c5 8. Ne2 Qxd1 9. Rxd1 Bd7 10. Nbc3 0-0-0 11. Be3 Bd6 12. Bf4 Bc6 13. Rd2 Be7 14. Rad1 Rxd2 15. Rxd2 b6 16. f3 Bd8 17. Be3 Ne7 18. Nf4 Bd7 19. Ncd5 Nxd5 20. Rxd5 g6 21. Rd2 Re8 22. Kf2 f5 23. exf5 Bxf5 24. g3 Bd7 25. c4 c6 26. h4 Bf6 27. b3 Bf5 28. b4 Bc3 29. Rd6 Be5 30. Rd2 cxb4 31. Bxb6 Bb1 32. Re2 Kd7 33. Rd2+ Kc8 34. Re2 Kd7 35. Rd2+ 1/2-1/2

[Event "FRA-chT2A 0506"]
[Site "France"]
[Date "2005.11.20"]
[Round "3.1"]
[White "Toma, Michal"]
[Black "Justo, Damian"]
[Result "0-1"]
[WhiteElo "2216"]
[BlackElo "2306"]
[PlyCount "58"]
[EventDate "2005.10.27"]
[EventType "team-tourn"]
[EventRounds "11"]
[EventCountry "FRA"]
[SourceTitle "EXT 2006"]
[Source "ChessBase"]
[SourceDate "2005.11.24"]
[SourceVersion "1"]
[SourceVersionDate "2005.11.24"]
[SourceQuality "1"]
[WhiteTeam "Bois Colombes II"]
[BlackTeam "Evry III"]
[WhiteTeamCountry "FRA"]
[BlackTeamCountry "FRA"]

1. e4 e6 2. d4 d5 3. Nd2 c5 4. exd5 Qxd5 5. dxc5 Bxc5 6. Ngf3 Nf6 7. Be2 Bxf2+ 8. Kxf2 Ng4+ 9. Ke1 Ne3 10. c4 Qf5 11. g4 Qg6 12. Qb3 Nc2+ 13. Kd1 Nxa1 14. Qc3 Nc6 15. b3 e5 16. Ba3 Bxg4 17. Rg1 0-0-0 18. Qxa1 e4 19. Ne5 Bxe2+ 20. Kxe2 Nd4+ 21. Qxd4 Qh5+ 22. Ke3 Qh6+ 23. Kxe4 Rxd4+ 24. Kxd4 Rd8+ 25. Ke4 Qxd2 26. Rg3 Qd4+ 27. Kf5 g6+ 28. Kg5 Qxe5+ 29. Kh6 Rg8 0-1

[Event "FRA-chT2 0405"]
[Site "France"]
[Date "2005.02.06"]
[Round "7.1"]
[White "Toma, Michal"]
[Black "Cossin, Sebastien"]
[Result "1/2-1/2"]
[WhiteElo "2173"]
[BlackElo "2395"]
[PlyCount "142"]
[EventDate "2004.10.10"]
[EventType "team"]
[EventRounds "11"]
[EventCountry "FRA"]
[SourceTitle "EXT 2006"]
[Source "ChessBase"]
[SourceDate "2005.11.24"]
[SourceVersion "1"]
[SourceVersionDate "2005.11.24"]
[SourceQuality "1"]
[WhiteTeam "Bois Colombes"]
[BlackTeam "Rosny sous Bois"]
[WhiteTeamCountry "FRA"]
[BlackTeamCountry "FRA"]

1. e4 c5 2. Nc3 Nc6 3. g3 g6 4. Bg2 Bg7 5. d3 d6 6. f4 Nf6 7. Nf3 Nd4 8. 0-0 Bg4 9. Be3 h5 10. Ne2 Nxf3+ 11. Bxf3 Qd7 12. e5 dxe5 13. fxe5 Nh7 14. d4 Rd8 15. c3 cxd4 16. Qxd4 Qb5 17. Qe4 Bxf3 18. Qxf3 0-0 19. Rad1 Rxd1 20. Rxd1 Bxe5 21. b3 Nf6 22. c4 Qa6 23. a4 Ng4 24. Bc5 Bf6 25. h3 Ne5 26. Qe4 Qc6 27. Qxc6 Nxc6 28. Rd7 b6 29. Ba3 Rc8 30. Nf4 e6 31. Kg2 Nd4 32. Bb2 e5 33. Bxd4 exd4 34. Nd5 Bg5 35. h4 Bd8 36. Rxa7 Kf8 37. Kf3 g5 38. hxg5 Bxg5 39. Ke4 h4 40. gxh4 Bxh4 41. Kxd4 Bf2+ 42. Kc3 b5 43. Rc7 Be1+ 44. Kd4 Bf2+ 45. Kd3 Rxc7 46. Nxc7 bxa4 47. bxa4 Ke7 48. Nb5 Kd7 49. Nd4 Kd6 50. Nb3 f5 51. Ke2 Ba7 52. Kf3 Ke5 53. a5 f4 54. a6 Kd6 55. Kxf4 Kc6 56. c5 Kb5 57. Ke5 Kxa6 58. c6 Bb8+ 59. Ke6 Kb5 60. Kd7 Kc4 61. Na5+ Kd5 62. Nb7 Bg3 63. Nd8 Bh2 64. Ne6 Bg3 65. Ng7 Bh2 66. Nf5 Bf4 67. Ne3+ Kc5 68. Nd1 Bg3 69. Nf2 Kd5 70. Nd1 Kc5 71. Nc3 Bh2 1/2-1/2

[Event "FRA-chT2 0304"]
[Site "France"]
[Date "2004.02.01"]
[Round "7"]
[White "Toma, Michal"]
[Black "Perrin, Guillaume"]
[Result "0-1"]
[WhiteElo "2136"]
[BlackElo "2140"]
[PlyCount "84"]
[EventDate "2003.10.??"]
[EventType "team"]
[EventRounds "11"]
[EventCountry "FRA"]
[SourceTitle "EXT 2005"]
[Source "ChessBase"]
[SourceDate "2004.11.15"]
[SourceVersion "1"]
[SourceVersionDate "2004.11.15"]
[SourceQuality "1"]
[WhiteTeam "Bois Colombes II"]
[BlackTeam "Avoine"]
[WhiteTeamCountry "FRA"]
[BlackTeamCountry "FRA"]

1. e4 c5 2. Nc3 Nc6 3. g3 g6 4. Bg2 Bg7 5. d3 Rb8 6. f4 b5 7. Nf3 Nf6 8. 0-0 d6 9. h3 b4 10. Ne2 Qb6 11. Be3 Nd7 12. Qc1 a5 13. Rb1 a4 14. g4 Ba6 15. Qd2 Nd4 16. f5 Nxc2 17. Qxc2 b3 18. axb3 Qxb3 19. Qxb3 Rxb3 20. Nc1 Rxb2 21. Rxb2 Bxb2 22. Rd1 a3 23. Na2 Bb5 24. Bc1 0-0 25. Bxb2 axb2 26. Nc3 Ra8 27. Bf1 Ra3 28. Nb1 Ra1 29. Nfd2 Ba4 30. Re1 Ne5 31. Kf2 Bc2 32. Ke3 Nc6 33. fxg6 hxg6 34. Be2 Nb4 35. Rf1 Na2 36. d4 Nc1 37. Nc4 Nxe2 38. Nxb2 Nxd4 39. Nd2 Ra3+ 40. Kf2 Rxh3 41. Kg2 Re3 42. Nbc4 Bxe4+ 0-1

[Event "FRA-chT2 0304"]
[Site "France"]
[Date "2003.11.16"]
[Round "3"]
[White "Toma, Michal"]
[Black "Gicquel, Frederic"]
[Result "0-1"]
[WhiteElo "2136"]
[BlackElo "2151"]
[PlyCount "78"]
[EventDate "2003.10.??"]
[EventType "team"]
[EventRounds "11"]
[EventCountry "FRA"]
[SourceTitle "EXT 2005"]
[Source "ChessBase"]
[SourceDate "2004.11.15"]
[SourceVersion "1"]
[SourceVersionDate "2004.11.15"]
[SourceQuality "1"]
[WhiteTeam "Bois Colombes II"]
[BlackTeam "Guingamp"]
[WhiteTeamCountry "FRA"]
[BlackTeamCountry "FRA"]

1. e4 c6 2. d4 d5 3. exd5 cxd5 4. c4 Nf6 5. Nc3 Nc6 6. Nf3 Bg4 7. Be3 e6 8. Bd3 Be7 9. 0-0 0-0 10. h3 Bh5 11. g4 Bg6 12. c5 b6 13. Bb5 Qc7 14. Bxc6 Qxc6 15. Ne5 Qb7 16. Na4 bxc5 17. dxc5 Rfc8 18. a3 Ne4 19. Nxg6 hxg6 20. b4 Bf6 21. Rc1 d4 22. Bd2 Nxd2 23. Qxd2 Qf3 24. Nb2 Qxh3 25. f3 d3 26. Rc4 Rd8 27. Qf2 Bxb2 28. Qxb2 d2 29. Rd4 Qg3+ 30. Kh1 Qe1 31. Kg2 e5 32. Qxd2 Qxd2+ 33. Rxd2 Rxd2+ 34. Rf2 Rad8 35. c6 Kf8 36. a4 Ke7 37. b5 Rxf2+ 38. Kxf2 Kd6 39. a5 Rb8 0-1

[Event "FRA-chT2 0304"]
[Site "France"]
[Date "2003.11.15"]
[Round "2"]
[White "Le Corre, Patrick"]
[Black "Toma, Michal"]
[Result "0-1"]
[WhiteElo "2084"]
[BlackElo "2136"]
[PlyCount "62"]
[EventDate "2003.10.??"]
[EventType "team"]
[EventRounds "11"]
[EventCountry "FRA"]
[SourceTitle "EXT 2005"]
[Source "ChessBase"]
[SourceDate "2004.11.15"]
[SourceVersion "1"]
[SourceVersionDate "2004.11.15"]
[SourceQuality "1"]
[WhiteTeam "Rennes"]
[BlackTeam "Bois Colombes II"]
[WhiteTeamCountry "FRA"]
[BlackTeamCountry "FRA"]

1. e4 e5 2. Nc3 Nf6 3. f4 d5 4. fxe5 Nxe4 5. Qf3 f5 6. d3 Nxc3 7. bxc3 c5 8. d4 cxd4 9. cxd4 Qh4+ 10. g3 Qxd4 11. c3 Qxe5+ 12. Ne2 Bd7 13. Be3 Bd6 14. Bg2 Qe7 15. 0-0 Bc6 16. Nd4 0-0 17. Rae1 Qd7 18. Qh5 g6 19. Qh6 Na6 20. Bg5 Nc5 21. Bh3 Ne4 22. Rf3 Bc5 23. Kg2 Rae8 24. Bf4 Qg7 25. Qxg7+ Kxg7 26. Rb1 Nxc3 27. Rxc3 Bxd4 28. Rc2 Bf6 29. Bd6 Rf7 30. Kf1 Rd7 31. Bb4 Bb5+ 0-1

[Event "FRA-chT2S 0203"]
[Site "France"]
[Date "2003.??.??"]
[Round "11.6"]
[White "Cappon, John"]
[Black "Toma, Michal"]
[Result "1/2-1/2"]
[WhiteElo "2175"]
[BlackElo "1950"]
[PlyCount "128"]
[EventDate "2002.10.??"]
[EventType "team"]
[EventRounds "11"]
[EventCountry "FRA"]
[SourceTitle "EXT 2004"]
[Source "ChessBase"]
[SourceDate "2003.11.25"]
[SourceVersion "1"]
[SourceVersionDate "2003.11.25"]
[SourceQuality "1"]
[WhiteTeam "Cappelle la Grande"]
[BlackTeam "Bois Colombes"]
[WhiteTeamCountry "FRA"]
[BlackTeamCountry "FRA"]

1. e4 e5 2. Nc3 Nf6 3. Bc4 Nc6 4. d3 Bb4 5. Bg5 h6 6. Bxf6 Qxf6 7. Nge2 Nd4 8. 0-0 Nxe2+ 9. Nxe2 Bc5 10. c3 g5 11. d4 Bb6 12. dxe5 Qxe5 13. Nd4 h5 14. Nf3 Qf4 15. Qd5 Rg8 16. Ne5 Rg7 17. Kh1 Qf6 18. f4 g4 19. Nd3 Kf8 20. Qxh5 Qg6 21. Qh8+ Rg8 22. Qh4 d6 23. f5 Qg5 24. Qxg5 Rxg5 25. Nf4 c6 26. Bd3 Ke7 27. g3 Bd7 28. Kg2 Rag8 29. Rad1 Be8 30. Bc2 f6 31. Bb3 Rh8 32. Rh1 Be3 33. Ne6 Rgh5 34. Rde1 Bd2 35. Re2 Bc1 36. Ng7 R5h7 37. Nxe8 Kxe8 38. Bd1 Bh6 39. Ree1 Bd2 40. Re2 Bh6 41. Rc2 Rg8 42. b4 Be3 43. Re2 Bh6 44. a4 Kd7 45. Bb3 Rgh8 46. Bd1 Kc7 47. Rc2 Rg8 48. c4 Be3 49. Re2 Bd4 50. Rc2 Be5 51. Be2 Bd4 52. Bd3 Rgh8 53. Rcc1 Bb2 54. Rb1 Bc3 55. Rb3 Bd4 56. Be2 Rg8 57. a5 Kc8 58. Rd3 Be5 59. Bd1 Rhg7 60. Ba4 Kc7 61. Bb3 Re8 62. Bc2 Rh8 63. Rb3 Kc8 64. Bd3 Bd4 1/2-1/2

[Event "FRA-chT2S 0203"]
[Site "France"]
[Date "2002.11.17"]
[Round "3.8"]
[White "Toma, Michal"]
[Black "Rakotonoely, Bruce"]
[Result "1-0"]
[WhiteElo "1950"]
[BlackElo "1950"]
[PlyCount "81"]
[EventDate "2002.10.??"]
[EventType "team"]
[EventRounds "11"]
[EventCountry "FRA"]
[SourceTitle "EXT 2004"]
[Source "ChessBase"]
[SourceDate "2003.11.25"]
[SourceVersion "1"]
[SourceVersionDate "2003.11.25"]
[SourceQuality "1"]
[WhiteTeam "Bois Colombes"]
[BlackTeam "Cergy Pontoise"]
[WhiteTeamCountry "FRA"]
[BlackTeamCountry "FRA"]

1. e4 c5 2. Nc3 Nc6 3. g3 g6 4. Bg2 Bg7 5. d3 e6 6. f4 Nge7 7. Be3 Nd4 8. Nf3 0-0 9. e5 Nef5 10. Bf2 d5 11. exd6 Nxf3+ 12. Bxf3 Nd4 13. Bg2 f5 14. 0-0 Qxd6 15. Na4 Bd7 16. c3 Ne2+ 17. Kh1 Bc6 18. Bxc5 Bxg2+ 19. Kxg2 Qc6+ 20. Kh3 g5 21. fxg5 h6 22. g6 Rf6 23. Qxe2 Qxa4 24. d4 Qe8 25. Bd6 Rxg6 26. Be5 Rg4 27. Rae1 Qh5+ 28. Kg2 Re8 29. Bf4 Qf7 30. Qb5 b6 31. Be5 Rg6 32. Bxg7 Kxg7 33. Rxf5 Qb7+ 34. Kg1 exf5 35. Rxe8 Qf3 36. Re7+ Kf6 37. Qe5+ Kg5 38. Qe3+ Kg4 39. Qxf3+ Kxf3 40. Re1 Rf6 41. Rf1+ 1-0